02085nam a2200289 u 4500001000800000005001700008007001000025008004100035035001200076040001300088041000800101080000800109100005600117245009100173260004300264300001700307520119400324650004101518650002601559650001901585700005701604856008201661942001301743999001901756502001201775526000801787139646020240129080636.0cr|||||||150121s2014 spa  a1396460 ccomduadb aspa aPQU10aVertel Martínez, Carlos Alberto4auteaut968333710aIntegración entre el diseño, operabilidad y controlabilidad de procesos químicos aMedellín :b[sin publicador],c2014. a68 páginas3 aEl objetivo principal de este trabajo consistió inicialmente en buscar y preseleccionar diferentes procesos químicos, para luego seleccionar aquellos que brinden características importantes de comportamiento dinámico no lineal; estas características permiten observar el comportamiento de las variables de estado con la variación de los parámetros y cómo afectaría al sistema desde los puntos de vista del diseño, de seguridad y económico. Para realizar el análisis, se tiene como punto de partida el modelo matemático del equipo de proceso (o los equipos en el caso de la integración de procesos). Posterior al diseño se realizó un análisis de estabilidad de los estados estacionarios determinados, variando parámetros de operación y de control como parámetros de bifurcación, por medio de la herramienta matemática de continuación MatCont ejecutada en Matlab, con el objetivo de definir en cuál de ellos se podría operar el sistema bajo el criterio de operabilidad y controlabilidad. En los casos de estudio, se consideró necesaria la aplicación de acciones de control Proporcional (P) y Proporcional-Integral (PI). (Controlabilidad) aControl de procesos químicos95690 aOptimización934739 aDiseño9234410aMatallana Pérez, Luis Gerónimo4thseths94366044 uhttps://drive.google.com/file/d/0BwecnWVz7HZoVnVFMi1wMVlXUWM/view?usp=sharing cTESISn0 c705726d705726 b178c17 a180